EXO memebers - Statistics

General Stats
  • This quiz has been taken 1,251 times
  • The average score is 12 of 12
Answer Stats
Hint Members % Correct
k Kai
99%
k Chanyeol
98%
k Sehun
98%
k Suho
98%
k Baekhyun
97%
k D.O.
97%
m Chen
96%
m Lay
96%
m Xiumin
96%
m Kris
95%
m Tao
95%
m Luhan
94%
No matching quizzes found
Score Distribution
Percent of People with Each Score
Percentile by Number Answered
Your Score History
You have not taken this quiz